000 00609nam a2200193Ia 4500
003 GCL
008 140319s9999 xx 000 0 ara d
040 _aGCL /
_cGCL
082 0 4 _a843
_bت ا
100 1 _aتايلور، ستيفانى
245 1 0 _aاشواك المرأة /
_cتايلور، ستيفانى
260 _a[S.N] :
_bدار الراتب الجامعية
300 _a123
490 _aسلاسل سوفنير
_v0
650 0 4 _aالادب الفرنسى
650 0 4 _aالادب الفرنسى المترجم
650 0 4 _aالقصص الفرنسية المترجمة
942 _2ddc
_cBK
999 _c32896
_d32896